Historia de la literatura espanola /

Bibliographic Details
Main Author: Castro y Calvo, José María
Format: Book
Language:Spanish
Published: Barcelona : Credsa, [1965]
Edition:[1. ed.].
Subjects:

MARC

Tag First Indicator Second Indicator Subfields
LEADER 00000cam a2200000 4500
001 in00000703003
005 20151016053830.0
008 721128s1965 sp ach b 00010 spa u
010 |a  66083491  
035 |a (OCoLC)00502748 
035 |9 ADC2145AM 
040 |c DAY  |d TXA  |d UtOrBLW 
049 |a TXAM  |v 1 [465297]  |v 2 [465298] 
050 0 |a PQ6032  |b .C28 
092 |a 860.9  |b C355h 
100 1 |a Castro y Calvo, José María. 
245 1 0 |a Historia de la literatura espanola /  |c por Jose Maria Castro Calvo. 
250 |a [1. ed.]. 
264 1 |a Barcelona :  |b Credsa,  |c [1965] 
300 |a 2 volumes :  |b illustrations, facsimiles, portraits ;  |c 25 cm. 
336 |a text  |b txt  |2 rdacontent 
337 |a unmediated  |b n  |2 rdamedia 
338 |a volume  |b nc  |2 rdacarrier 
504 |a Includes bibliographies. 
650 0 |a Spanish literature  |x History and criticism. 
999 |a MARS 
999 f f |s 35e5a883-fbb4-3038-a2dd-b7b88f8a55fd  |i 60b203bf-2d4e-3ede-8f7a-1a82ee698059  |t 0 
952 f f |p normal  |a Texas A&M University  |b College Station  |c Sterling C. Evans Library  |d Evans: Library Stacks  |t 0  |e PQ6032 .C28  |h Library of Congress classification  |i unmediated -- volume  |k v.2  |m A14801378615 
952 f f |p normal  |a Texas A&M University  |b College Station  |c Sterling C. Evans Library  |d Evans: Library Stacks  |t 0  |e PQ6032 .C28  |h Library of Congress classification  |i unmediated -- volume  |k v.1  |m A14801378607 
998 f f |a PQ6032 .C28  |s v.1-v.2  |t 0  |l Evans: Library Stacks